| 000 | 00353nam a22001457a 4500 | ||
|---|---|---|---|
| 005 | 20230725135834.0 | ||
| 008 | 230725b |||||||| |||| 00| 0 eng d | ||
| 020 | _a819622031-6 | ||
| 041 | _aeng | ||
| 100 |
_aNAQVI, AZRA2023 _97872 |
||
| 245 | _aMEREY WATAN KI KHUSHBU | ||
| 260 |
_aNEW DELHI _bKHUSHRO FOUNDATION _c2023 |
||
| 300 | _a116;p | ||
| 942 | _cBK | ||
| 999 |
_c8334 _d8332 |
||